000 00254nam a2200097Ia 4500
001 652668
005 20250826154443.0
008 250824s9999 xx 000 0 und d
245 0 _aKARLI DAĞLARDA TATİL
_cJ.MARİO SİMMEL
260 _bALTIN KİTAP YAYINLARI
999 _c652668
_d652668